| 000 | 00452nam a2200169Ia 4500 | ||
|---|---|---|---|
| 005 | 20250423094955.0 | ||
| 008 | 250422s9999 xx 000 0 und d | ||
| 020 | _a9798622705298 | ||
| 050 | _aQA76.9 .H64/ | ||
| 100 | _aHoffman, Hugo | ||
| 245 | 0 | _aCyber Security | |
| 260 | _aUS | ||
| 260 | _bTaylor and Francis | ||
| 260 | _c2023 | ||
| 650 | _aTelecommunication--Security measures Data encryption (Computer science) Cryptography | ||
| 942 | _cBK | ||
| 999 |
_c28854 _d28854 |
||